LEADER 01252nam--2200361---450- 001 990001166130203316 005 20090619123146.0 010 $a88-14-10035-7 035 $a000116613 035 $aUSA01000116613 035 $a(ALEPH)000116613USA01 035 $a000116613 100 $a20030717d2003----km-y0enga50------ba 101 0 $aita 102 $aIT 105 $ay|||z|||001yy 200 1 $a<> sistema integrato dei servizi sociali$ecommento alla legge n. 328 del 2000 e ai provvedimenti attuativi dopo la riforma del Titolo 5. della Costituzione$eaggiornato al 31 ottobre 2002$fa cura di Enzo Balboni ...[et al.] 210 $aMilano$cGiuffrè$d2003 215 $aXVIII, 564 p.$d24 cm. 606 0 $aServizi sociali$xLegislazione 676 $a344.45 702 1$aBALBONI,$bEnzo 801 0$aIT$bsalbc$gISBD 912 $a990001166130203316 951 $aXXIV.3.Q 233 (IG XVI 404)$b36404 G.$cXXIV.3.Q 233 (IG XVI)$d00086041 959 $aBK 969 $aGIU 979 $aMARIA$b10$c20030717$lUSA01$h1216 979 $aRENATO$b90$c20031111$lUSA01$h1713 979 $aPATRY$b90$c20040406$lUSA01$h1722 979 $aRSIAV2$b90$c20090619$lUSA01$h1231 996 $aSistema integrato dei servizi sociali$9167539 997 $aUNISA LEADER 01340nam 2200349 450 001 9910688596603321 005 20230628170433.0 035 $a(CKB)5400000000040473 035 $a(NjHacI)995400000000040473 035 $a(EXLCZ)995400000000040473 100 $a20230628d2019 uy 0 101 0 $aeng 135 $aur||||||||||| 181 $ctxt$2rdacontent 182 $cc$2rdamedia 183 $acr$2rdacarrier 200 00$aBiotechnology and Bioengineering /$fedited by Eduardo Jacob -Lopes, Leila Queiroz Zepka 210 1$aLondon, England :$cIntechOpen,$d2019. 215 $a1 online resource (188 pages) 311 $a1-83962-661-5 330 $aBiotechnology and Bioengineering presents the most up-to-date research on biobased technologies. It is designed to help scientists and researchers deepen their knowledge in this critical knowledge field. This solid resource brings together multidisciplinary research, development, and innovation for a wide study of Biotechnology and Bioengineering. 606 $aBiotechnology 615 0$aBiotechnology. 676 $a660.6 702 $aQueiroz Zepka$b Leila 702 $aJacob -Lopes$b Eduardo 801 0$bNjHacI 801 1$bNjHacl 906 $aBOOK 912 $a9910688596603321 996 $aBiotechnology and bioengineering$9799289 997 $aUNINA